[Event "Wuerttemberg-ch Seniors 16th"]
[Site "Freudenstadt"]
[Date "2004.05.05"]
[Round "4"]
[White "Wiese, Armin"]
[Black "Claus, Joachim"]
[Result "0-1"]
[WhiteElo "1711"]
[BlackElo "1997"]
[PlyCount "114"]
[EventDate "2004.05.02"]
[EventType "swiss"]
[EventRounds "9"]
[EventCountry "GER"]
[SourceTitle "EXT 2006"]
[Source "ChessBase"]
[SourceDate "2005.11.24"]
[SourceVersion "1"]
[SourceVersionDate "2005.11.24"]
[SourceQuality "1"]

1. e4 d5 2. exd5 Nf6 3. c4 c6 4. Nc3 cxd5 5. cxd5 Nxd5 6. d4 e6 7. Nf3 Be7 8. Be2 0-0 9. 0-0 Nc6 10. a3 a6 11. Qc2 Bf6 12. Rd1 b6 13. Ne4 Bb7 14. Nxf6+ Nxf6 15. Bg5 Rc8 16. Qd3 Ne7 17. Bxf6 gxf6 18. Rac1 Qd5 19. Ne1 Ng6 20. Bf3 Qd7 21. Bxb7 Qxb7 22. Qf3 Qxf3 23. Nxf3 Ne7 24. Nd2 Rfd8 25. Nc4 b5 26. Ne3 Rxc1 27. Rxc1 Rxd4 28. Rd1 Rxd1+ 29. Nxd1 Nd5 30. Kf1 Kf8 31. Ke2 Ke7 32. g3 f5 33. f3 Kd6 34. Kd3 e5 35. Nf2 Nf6 36. b3 Kd5 37. h3 a5 38. Ke2 Kd6 39. Kd3 Nd7 40. Nd1 Nc5+ 41. Kc2 Ne6 42. f4 exf4 43. gxf4 Nxf4 44. Nf2 h5 45. Kd2 Ke5 46. Ke3 Nd5+ 47. Kd3 f4 48. Ne4 f6 49. Nd2 Nb6 50. Nf3+ Kd5 51. Nd4 b4 52. a4 Nd7 53. Nf5 Nc5+ 54. Kc2 f3 55. Ng3 f2 56. Nf1 Kd4 57. Nd2 Ke3 0-1

[Event "Wuerttemberg-ch Seniors 15th"]
[Site "Ellwangen"]
[Date "2003.04.19"]
[Round "9"]
[White "Wiese, Armin"]
[Black "Gretzer, Otmar"]
[Result "1/2-1/2"]
[WhiteElo "1783"]
[BlackElo "2057"]
[PlyCount "106"]
[EventDate "2003.04.??"]
[EventType "swiss"]
[EventRounds "9"]
[EventCountry "GER"]
[SourceTitle "EXT 2006"]
[Source "ChessBase"]
[SourceDate "2005.11.24"]
[SourceVersion "1"]
[SourceVersionDate "2005.11.24"]
[SourceQuality "1"]

1. Nf3 d5 2. d3 c6 3. g3 Bf5 4. Bg2 e6 5. 0-0 Be7 6. Nbd2 Nf6 7. Re1 0-0 8. Nh4 Bg4 9. h3 Bh5 10. Nhf3 Nbd7 11. e4 dxe4 12. dxe4 Qc7 13. Qe2 e5 14. b3 Rfd8 15. Bb2 Bb4 16. Rad1 Bg6 17. Nh4 Nf8 18. c3 Bc5 19. Nxg6 hxg6 20. b4 Be7 21. Nc4 Ne6 22. Rxd8+ Rxd8 23. Rd1 Ng5 24. f3 Kf8 25. Bc1 Ne6 26. Be3 b6 27. Rxd8+ Bxd8 28. Bf1 c5 29. a3 cxb4 30. cxb4 Nd4 31. Qd1 Be7 32. Kg2 Ne6 33. Qa1 Nd7 34. Qd1 Nb8 35. Qd5 Nd7 36. Qa8+ Nd8 37. Qd5 Qc6 38. Nxe5 Qxd5 39. Nxg6+ fxg6 40. exd5 Nf6 41. Bc4 Nb7 42. Bf4 Bd6 43. Bc1 Be5 44. f4 Bc3 45. Kf3 Ke7 46. g4 Kd6 47. g5 Nxd5 48. Ke4 Ne7 49. Kd3 Ba1 50. a4 Nd8 51. a5 Nec6 52. axb6 axb6 53. b5 Ne7 1/2-1/2

[Event "Wuerttemberg-ch Seniors 15th"]
[Site "Ellwangen"]
[Date "2003.04.15"]
[Round "5"]
[White "Neumann, Erwin"]
[Black "Wiese, Armin"]
[Result "1/2-1/2"]
[WhiteElo "1827"]
[BlackElo "1783"]
[PlyCount "47"]
[EventDate "2003.04.??"]
[EventType "swiss"]
[EventRounds "9"]
[EventCountry "GER"]
[SourceTitle "EXT 2006"]
[Source "ChessBase"]
[SourceDate "2005.11.24"]
[SourceVersion "1"]
[SourceVersionDate "2005.11.24"]
[SourceQuality "1"]

1. e4 e6 2. d4 d5 3. Nc3 dxe4 4. Nxe4 Bd7 5. Be2 Bc6 6. Bf3 Be7 7. Be3 Nf6 8. Nxf6+ Bxf6 9. Bxc6+ Nxc6 10. Nf3 0-0 11. 0-0 Qe7 12. c3 Rfd8 13. Qb3 b6 14. Qb5 Qd7 15. Rad1 Qd5 16. Qxd5 exd5 17. Bf4 Rac8 18. Rfe1 Ne7 19. Re2 Ng6 20. Be5 Re8 21. Rde1 Nxe5 22. Nxe5 Bxe5 23. Rxe5 Kf8 24. Kf1 1/2-1/2

[Event "Wuerttemberg-ch Seniors 15th"]
[Site "Ellwangen"]
[Date "2003.04.12"]
[Round "2"]
[White "Wiese, Armin"]
[Black "Schewe, Hans"]
[Result "1-0"]
[WhiteElo "1783"]
[BlackElo "1690"]
[PlyCount "80"]
[EventDate "2003.04.??"]
[EventType "swiss"]
[EventRounds "9"]
[EventCountry "GER"]
[SourceTitle "EXT 2006"]
[Source "ChessBase"]
[SourceDate "2005.11.24"]
[SourceVersion "1"]
[SourceVersionDate "2005.11.24"]
[SourceQuality "1"]

1. Nf3 d5 2. c4 e6 3. g3 Nf6 4. Bg2 Bd6 5. d4 c6 6. c5 Bc7 7. Nc3 Nbd7 8. b4 e5 9. dxe5 Nxe5 10. Nd4 a6 11. 0-0 0-0 12. h3 Re8 13. a4 Bd7 14. Re1 Qc8 15. Kh2 Ng6 16. Nf3 Ne4 17. Nxe4 Rxe4 18. Qb3 h6 19. Bb2 f6 20. Ng1 Re7 21. e4 Kh8 22. exd5 Rxe1 23. Rxe1 cxd5 24. Bxd5 Bc6 25. Nf3 Qd7 26. Bxc6 bxc6 27. Qc4 a5 28. b5 cxb5 29. axb5 Rc8 30. Qe6 Nf8 31. Qxd7 Nxd7 32. Ba3 Ne5 33. Nxe5 Bxe5 34. Rd1 h5 35. Kg2 Kh7 36. Rd3 f5 37. f4 Bb8 38. Rd7 h4 39. c6 hxg3 40. Kxg3 Bc7 1-0

[Event "Wuerttemberg-ch Seniors 15th"]
[Site "Ellwangen"]
[Date "2003.04.11"]
[Round "1"]
[White "Schlueter, Hilmar"]
[Black "Wiese, Armin"]
[Result "1/2-1/2"]
[WhiteElo "1533"]
[BlackElo "1783"]
[PlyCount "80"]
[EventDate "2003.04.??"]
[EventType "swiss"]
[EventRounds "9"]
[EventCountry "GER"]
[SourceTitle "EXT 2006"]
[Source "ChessBase"]
[SourceDate "2005.11.24"]
[SourceVersion "1"]
[SourceVersionDate "2005.11.24"]
[SourceQuality "1"]

1. d4 Nf6 2. Nf3 g6 3. e3 Bg7 4. c4 0-0 5. Nc3 d6 6. Be2 Nbd7 7. 0-0 e5 8. e4 exd4 9. Nxd4 Re8 10. Bf3 h6 11. Re1 Ne5 12. b3 Nxf3+ 13. Qxf3 Nh7 14. Qd3 a6 15. Bb2 Bd7 16. Rad1 Bc6 17. Nxc6 bxc6 18. Na4 Bxb2 19. Nxb2 Qf6 20. Re2 Ng5 21. Na4 Ne6 22. g3 Rad8 23. Re3 g5 24. Rf3 Qg6 25. Re1 Re7 26. Rf5 Red7 27. Qc3 c5 28. Rf3 Nd4 29. Rfe3 Nc6 30. Qd2 Qe6 31. Nc3 Ne7 32. Nd5 f6 33. Qc3 Rf8 34. Nxe7+ Rxe7 35. Qd3 Kg7 36. Qd5 Qd7 37. Qd1 Rfe8 38. Qf3 Re5 39. Kg2 Qc6 40. g4 a5 1/2-1/2